Aveuglement - « Guerre à la drogue » : oubli du « plus dangereux » (notice n° 1634359)

détails MARC
000 -LEADER
fixed length control field 01606cam a2200157 4500500
005 - DATE AND TIME OF LATEST TRANSACTION
control field 20260111122324.0
041 ## - LANGUAGE CODE
Language code of text/sound track or separate title fre
042 ## - AUTHENTICATION CODE
Authentication code dc
100 10 - MAIN ENTRY--PERSONAL NAME
Personal name Hamel, Tewfik
Relator term author
245 00 - TITLE STATEMENT
Title Aveuglement - « Guerre à la drogue » : oubli du « plus dangereux »
260 ## - PUBLICATION, DISTRIBUTION, ETC.
Date of publication, distribution, etc. 2025.<br/>
500 ## - GENERAL NOTE
General note 91
520 ## - SUMMARY, ETC.
Summary, etc. La révolution numérique redéfinit les fondements de la puissance et de la sécurité internationale. L’irruption de technologies disruptives – intelligence artificielle, informatique quantique, cybersécurité – brouille les frontières entre civil et militaire, paix et guerre, acteurs étatiques et non étatiques. Ces mutations engendrent de nouvelles vulnérabilités systémiques : dépendances technologiques, menaces hybrides, campagnes de désinformation, sabotages des infrastructures critiques. L’article analyse cette recomposition stratégique à travers quatre axes : diffusion horizontale des capacités numériques, enjeux de souveraineté technologique, montée en puissance des menaces hybrides, et émergence d’une cyber-puissance aux contours encore instables. En interrogeant les doctrines de cybersécurité et les dynamiques géopolitiques qui structurent le cyberespace, il met en lumière la nécessité d’un cadre conceptuel et normatif renouvelé, articulant résilience organisationnelle, coopération internationale et anticipation technologique.
786 0# - DATA SOURCE ENTRY
Note Sécurité globale | 44 | 4 | 2025-12-10 | p. 27-42 | 1959-6782
856 41 - ELECTRONIC LOCATION AND ACCESS
Uniform Resource Identifier <a href="https://shs.cairn.info/revue-securite-globale-2025-4-page-27?lang=fr&redirect-ssocas=7080">https://shs.cairn.info/revue-securite-globale-2025-4-page-27?lang=fr&redirect-ssocas=7080</a>

Pas d'exemplaire disponible.

PLUDOC

PLUDOC est la plateforme unique et centralisée de gestion des bibliothèques physiques et numériques de Guinée administré par le CEDUST. Elle est la plus grande base de données de ressources documentaires pour les Étudiants, Enseignants chercheurs et Chercheurs de Guinée.

Adresse

627 919 101/664 919 101

25 boulevard du commerce
Kaloum, Conakry, Guinée

Réseaux sociaux

Powered by Netsen Group @ 2025